Residuos de pesticidas en frutas y hortalizas de exportación

Uloženo v:
Podrobná bibliografie
Hlavní autor: González Rodríguez, Roberto Hernán (autor)
Médium: Kniha
Jazyk:španělština
Vydáno: Santiago Universidad de Chile 1991
Edice:Publicaciones Misceláneas Agrícolas, 36
Témata:
Tagy: Přidat tag
Žádné tagy, Buďte první, kdo vytvoří štítek k tomuto záznamu!

MARC

LEADER 00000nam a2200000 a 4500
001 UCQ0522
003 CL-VaPUC
008 980628e19910000CL |||||||||||||||||spa|d
082 0 4 |a 632.7  |b GON  |2 21 
100 |a González Rodríguez, Roberto Hernán  |e autor  |9 600292 
245 1 0 |a Residuos de pesticidas en frutas y hortalizas de exportación 
300 |a 153 p 
942 |c BK 
945 |d 19980628 00:00:00  |a aalvarez 
260 |a Santiago  |b Universidad de Chile  |c 1991 
650 0 |a Frutas  |9 259500 
650 0 |a Hortalizas  |9 259501 
650 0 |a Pesticidas  |9 358300 
650 0 |a Residuos   |9 343036 
650 7 |a EXPORTACION AGRICOLA  |2 CL-VaPUC  |9 413750 
650 7 |a INSECTICIDAS  |2 CL-VaPUC  |9 262975 
650 7 |a FUNGICIDAS  |2 CL-VaPUC  |9 264584 
650 0 |a Postcosecha  |9 325633 
651 7 |a CHILE  |2 CL-VaPUC  |9 413751 
583 |a last modification  |c 19980628 00:00:00  |k Rodrigo Vera 
490 0 |a Publicaciones Misceláneas Agrícolas, 36 
999 |c 271621  |d 271619 
952 |0 0  |1 1  |2 ddc  |4 0  |6 632_700000000000000_GON_1991  |7 0  |8 A  |9 306323  |a BIBAGR  |b BIBAGR  |d 2019-11-20  |i 3435016  |o 632.7 GON 1991  |p 3435016  |r 2019-11-20  |w 2019-11-20  |y BK  |k AGR